Технология гостиничного обслуживания: учебник

Detaylı Bibliyografya
Yazar: Волков Ю. Ф.
Özet:Исключено из фонда НТБ ТПУ
Dil:Rusça
Baskı/Yayın Bilgisi: Ростов-на-Дону, Феникс, 2003
Seri Bilgileri:Учебники и учебные пособия
Materyal Türü: MixedMaterials Kitap
KOHA link:https://koha.lib.tpu.ru/cgi-bin/koha/opac-detail.pl?biblionumber=58479

MARC

LEADER 00000nam0a2200000 4500
001 58479
005 20231031055059.0
010 |a 5222033058 
035 |a (RuTPU)RU\TPU\book\61762 
090 |a 58479 
100 |a 20031202d2003 m y0rusy50 ca 
101 0 |a rus 
102 |a RU 
105 |a a j 001zy 
200 1 |a Технология гостиничного обслуживания  |e учебник  |f Ю. Ф. Волков 
210 |a Ростов-на-Дону  |c Феникс  |d 2003 
215 |a 384 с.  |c ил. 
225 1 |a Учебники и учебные пособия 
320 |a Библиография в конце глав. 
333 |a Исключено из фонда НТБ ТПУ 
686 |a У9(2)43я73  |v LBC/SL-A  |2 rubbk 
700 1 |a Волков  |b Ю. Ф. 
801 1 |a RU  |b 63413507  |c 20031202  |g PSBO 
801 2 |a RU  |b 63413507  |c 20220426  |g PSBO 
942 |c BK